[Event "GBR-ch 65+ 106th"]
[Site "Torquay"]
[Date "2019.07.31"]
[Round "3"]
[White "Hewson, Brian Wr"]
[Black "Emerson, Roger"]
[Result "1/2-1/2"]
[WhiteElo "2035"]
[BlackElo "2181"]
[PlyCount "82"]
[EventDate "2019.07.29"]
[EventType "swiss"]
[EventRounds "7"]
[EventCountry "ENG"]
[SourceTitle "EXT 2020"]
[Source "ChessBase"]
[SourceDate "2019.10.17"]
[SourceVersion "1"]
[SourceVersionDate "2019.10.17"]
[SourceQuality "1"]

1. Nf3 Nf6 2. d4 g6 3. g3 Bg7 4. Bg2 d6 5. Nbd2 0-0 6. b3 c5 7. e3 cxd4 8. exd4 Nc6 9. Bb2 Bg4 10. h3 Bf5 11. 0-0 d5 12. Ne5 Rc8 13. Nxc6 Rxc6 14. c4 Rc7 15. Re1 Be6 16. c5 Qd7 17. Kh2 b6 18. b4 bxc5 19. bxc5 Rb8 20. Bc3 Rcb7 21. Qe2 Qa4 22. Rec1 Nd7 23. Nb3 Rc8 24. Bf1 Nb8 25. Na5 Rbc7 26. Qb5 Qxb5 27. Bxb5 Bd7 28. Rab1 e5 29. Bd2 Bxb5 30. Rxb5 Nc6 31. Nxc6 Rxc6 32. dxe5 Bxe5 33. Kg2 a6 34. Ra5 Rb8 35. Ra4 d4 36. Rb4 Rbc8 37. Rbc4 f5 38. Kf3 Kf7 39. Ke2 Ke6 40. Kd3 Kd5 41. Bf4 Bxf4 1/2-1/2

[Event "GBR-ch 65+ 106th"]
[Site "Torquay"]
[Date "2019.07.30"]
[Round "2"]
[White "Emerson, Roger"]
[Black "Stimpson, Philip M"]
[Result "1-0"]
[WhiteElo "2181"]
[BlackElo "1935"]
[PlyCount "75"]
[EventDate "2019.07.29"]
[EventType "swiss"]
[EventRounds "7"]
[EventCountry "ENG"]
[SourceTitle "EXT 2020"]
[Source "ChessBase"]
[SourceDate "2019.10.17"]
[SourceVersion "1"]
[SourceVersionDate "2019.10.17"]
[SourceQuality "1"]

1. d4 d5 2. c4 c6 3. Nc3 Nf6 4. e3 e6 5. Nf3 Nbd7 6. Qc2 Bd6 7. Bd3 dxc4 8. Bxc4 0-0 9. 0-0 b5 10. Be2 Bb7 11. h3 a6 12. e4 e5 13. Rd1 Qe7 14. Be3 Rac8 15. a3 Rfe8 16. Qd2 Rcd8 17. Qc2 a5 18. dxe5 Nxe5 19. Nd4 g6 20. f4 Ned7 21. Bf3 b4 22. axb4 axb4 23. Ra7 Ba8 24. Rxa8 Rxa8 25. Nxc6 Qf8 26. Nb5 Bc5 27. Bxc5 Qxc5+ 28. Qxc5 Nxc5 29. e5 Nfe4 30. Nc7 Rec8 31. Nxa8 Rxa8 32. Rd4 Ra1+ 33. Kh2 Nf2 34. Nxb4 h5 35. g3 Rb1 36. Rd2 Nfe4 37. Re2 f5 38. exf6 1-0

[Event "BCF-chT2b 1819 (4NCL)"]
[Site "England"]
[Date "2019.02.10"]
[Round "6.72"]
[White "Emerson, Roger"]
[Black "Pleasants, Allan J"]
[Result "1-0"]
[WhiteElo "2175"]
[BlackElo "2108"]
[PlyCount "93"]
[EventDate "2018.11.10"]
[EventType "team-tourn"]
[EventRounds "11"]
[EventCountry "ENG"]
[SourceTitle "EXT 2021"]
[Source "ChessBase"]
[SourceDate "2020.10.23"]
[SourceVersion "1"]
[SourceVersionDate "2020.10.23"]
[SourceQuality "1"]
[WhiteTeam "Guildford III"]
[BlackTeam "Wessex"]
[WhiteTeamCountry "ENG"]
[BlackTeamCountry "ENG"]

1. e4 g6 2. d4 Bg7 3. Nc3 d6 4. Nf3 Nf6 5. Be2 0-0 6. 0-0 Nc6 7. Be3 a6 8. a4 e5 9. dxe5 dxe5 10. h3 Be6 11. Ng5 Nd4 12. Nxe6 Nxe6 13. Bc4 Nh5 14. Bxe6 fxe6 15. Qxd8 Rfxd8 16. a5 Nf6 17. Ra4 Ne8 18. Rb4 Bf8 19. Rxb7 Rdb8 20. Rxb8 Rxb8 21. b3 Bb4 22. Na4 Nd6 23. f3 Bxa5 24. Rd1 Kf7 25. Rd3 Be1 26. g4 h5 27. Kf1 Bg3 28. Kg2 Bh4 29. c4 Rd8 30. Nc5 a5 31. Bd2 Be7 32. Bxa5 Ra8 33. Bxc7 Ra2+ 34. Kf1 Nxc4 35. bxc4 Bxc5 36. Bxe5 Rc2 37. Rc3 Rf2+ 38. Ke1 Rg2 39. Rb3 Rc2 40. Rb7+ Kf8 41. Rc7 Bb6 42. Rc6 Ba5+ 43. Kd1 Rd2+ 44. Kc1 Rf2 45. Rxe6 Rf1+ 46. Kc2 Rf2+ 47. Kd1 1-0

[Event "WchT Seniors 65"]
[Site "Dresden"]
[Date "2018.07.14"]
[Round "8.4"]
[White "Bartsch, Berthold"]
[Black "Emerson, Roger"]
[Result "1-0"]
[WhiteElo "2248"]
[BlackElo "2211"]
[PlyCount "71"]
[EventDate "2018.07.07"]
[EventType "team-swiss"]
[EventRounds "9"]
[EventCountry "GER"]
[SourceTitle "CBM 185 Extra"]
[Source "ChessBase"]
[SourceDate "2018.07.29"]
[SourceVersion "1"]
[SourceVersionDate "2018.07.29"]
[SourceQuality "1"]
[WhiteTeam "Germany III"]
[BlackTeam "England"]
[WhiteTeamCountry "GER"]
[BlackTeamCountry "ENG"]

1. g3 d5 2. Bg2 e5 3. c4 dxc4 4. Na3 Bxa3 5. bxa3 c6 6. Rb1 Ne7 7. Qc2 Bf5 8. e4 Bc8 9. Qxc4 b6 10. Bb2 Ng6 11. h4 h5 12. Nf3 Ba6 13. Qc3 Qd3 14. Qxd3 Bxd3 15. Rc1 f6 16. Ng1 c5 17. Ne2 Nc6 18. Bf3 0-0-0 19. Bc3 Nd4 20. Bxd4 exd4 21. Bg2 Kc7 22. Nf4 Nxf4 23. gxf4 Rhe8 24. f3 f5 25. e5 Re6 26. Kf2 Kc6 27. Rhg1 g6 28. Bf1 Bxf1 29. Kxf1 Kd5 30. d3 b5 31. Rg2 c4 32. Rb2 Rb6 33. Rxb5+ Rxb5 34. dxc4+ Kc5 35. cxb5+ Kxb5 36. Ke2 1-0

[Event "WchT Seniors 65"]
[Site "Dresden"]
[Date "2018.07.08"]
[Round "2.6"]
[White "Emerson, Roger"]
[Black "Petzold, Hans"]
[Result "1/2-1/2"]
[WhiteElo "2211"]
[BlackElo "2042"]
[PlyCount "80"]
[EventDate "2018.07.07"]
[EventType "team-swiss"]
[EventRounds "9"]
[EventCountry "GER"]
[SourceTitle "CBM 185 Extra"]
[Source "ChessBase"]
[SourceDate "2018.07.29"]
[SourceVersion "1"]
[SourceVersionDate "2018.07.29"]
[SourceQuality "1"]
[WhiteTeam "England"]
[BlackTeam "Dresden TU"]
[WhiteTeamCountry "ENG"]
[BlackTeamCountry "GER"]

1. d4 e6 2. c4 Nf6 3. Nc3 Bb4 4. e3 0-0 5. Nge2 d6 6. a3 Bxc3+ 7. Nxc3 e5 8. Be2 e4 9. b4 a5 10. Bb2 Re8 11. 0-0 Bf5 12. b5 Nbd7 13. a4 b6 14. Ba3 Nf8 15. c5 d5 16. cxb6 cxb6 17. Bxf8 Rxf8 18. Qb3 Qd7 19. Rfc1 Rac8 20. Rc2 Rc7 21. Rac1 Rfc8 22. Nd1 Be6 23. Rc6 Ne8 24. R1c3 Rb8 25. Rxc7 Nxc7 26. Qa3 Ne8 27. Rc6 g6 28. f3 Qd8 29. Nc3 Bd7 30. fxe4 Bxc6 31. bxc6 dxe4 32. Nxe4 Rc8 33. Bb5 Qd5 34. Qe7 Qe6 35. Qd7 Kg7 36. Bc4 Qxe4 37. Qxc8 Qxe3+ 38. Kf1 Qc1+ 39. Kf2 Qxc4 40. Qxe8 Qxd4+ 1/2-1/2

[Event "BCF-chT2b 1718 (4NCL)"]
[Site "England"]
[Date "2018.02.10"]
[Round "5.74"]
[White "Emerson, Roger"]
[Black "Verma, Aditya"]
[Result "1/2-1/2"]
[WhiteElo "2219"]
[BlackElo "1975"]
[PlyCount "57"]
[EventDate "2017.11.11"]
[EventType "team-tourn"]
[EventRounds "7"]
[EventCountry "ENG"]
[SourceTitle "EXT 2020"]
[Source "ChessBase"]
[SourceDate "2019.10.17"]
[SourceVersion "1"]
[SourceVersionDate "2019.10.17"]
[SourceQuality "1"]
[WhiteTeam "Guildford III"]
[BlackTeam "KJCA Kings"]
[WhiteTeamCountry "ENG"]
[BlackTeamCountry "ENG"]

1. d4 e6 2. Nf3 f5 3. g3 Nf6 4. Bg2 Be7 5. c4 0-0 6. 0-0 d6 7. b3 Ne4 8. Nbd2 Bf6 9. Bb2 Nc6 10. Nxe4 fxe4 11. Ne1 d5 12. e3 Ne7 13. f3 exf3 14. Nxf3 b6 15. Qe2 Bb7 16. cxd5 exd5 17. Rac1 Nf5 18. g4 Nd6 19. Ba3 Re8 20. Bxd6 cxd6 21. g5 Bxg5 22. Nxg5 Qxg5 23. Rc7 Bc8 24. h4 Qg3 25. Rff7 Be6 26. Qf2 Qxf2+ 27. Rxf2 h6 28. Rfc2 Rac8 29. Rxc8 1/2-1/2

[Event "BCF-ch Seniors 65"]
[Site "Llandudno"]
[Date "2017.08.02"]
[Round "4"]
[White "Emerson, Roger"]
[Black "Berry, Stephen"]
[Result "1-0"]
[WhiteElo "2195"]
[BlackElo "2293"]
[PlyCount "53"]
[EventDate "2017.07.30"]
[EventType "swiss"]
[EventRounds "7"]
[EventCountry "WLS"]
[SourceTitle "CBM 179 Extra"]
[Source "ChessBase"]
[SourceDate "2017.08.23"]
[SourceVersion "1"]
[SourceVersionDate "2017.08.23"]
[SourceQuality "1"]

1. d4 Nf6 2. c4 e6 3. Nc3 Bb4 4. e3 0-0 5. Nge2 d5 6. a3 Be7 7. cxd5 exd5 8. g3 c6 9. Bg2 Nbd7 10. 0-0 a5 11. f3 Nb6 12. b3 Be6 13. Nf4 Bd7 14. g4 h6 15. Qc2 Re8 16. Re1 Bd6 17. Nd3 Nh7 18. Qf2 Qc7 19. Bf1 Ng5 20. e4 Bxh2+ 21. Kg2 dxe4 22. fxe4 Bd6 23. Bxg5 hxg5 24. e5 Be7 25. Be2 g6 26. Rh1 Kg7 27. Rh7+ 1-0

[Event "BCF-ch Seniors 65"]
[Site "Llandudno"]
[Date "2017.07.30"]
[Round "1"]
[White "Emerson, Roger"]
[Black "Collins, Peter M"]
[Result "1-0"]
[WhiteElo "2195"]
[BlackElo "1954"]
[PlyCount "61"]
[EventDate "2017.07.30"]
[EventType "swiss"]
[EventRounds "7"]
[EventCountry "WLS"]
[SourceTitle "CBM 179 Extra"]
[Source "ChessBase"]
[SourceDate "2017.08.23"]
[SourceVersion "1"]
[SourceVersionDate "2017.08.23"]
[SourceQuality "1"]

1. d4 Nf6 2. c4 e6 3. Nc3 c5 4. d5 exd5 5. cxd5 d6 6. Nf3 g6 7. Bf4 Bg7 8. h3 a6 9. a4 0-0 10. e3 b6 11. Nd2 Re8 12. Nc4 Bf8 13. Qb3 Ra7 14. Qxb6 Qxb6 15. Nxb6 Nbd7 16. Nc4 Ne5 17. Bxe5 dxe5 18. a5 Bf5 19. Be2 Ne4 20. Nb6 Nxc3 21. bxc3 Rd8 22. g4 Bd7 23. e4 Bb5 24. Rb1 Bxe2 25. Kxe2 Rb7 26. Nc4 Rdb8 27. Rb6 Be7 28. Rhb1 Rxb6 29. Rxb6 Ra8 30. Rc6 f6 31. d6 1-0

[Event "BCF-chT2b 1617 (4NCL)"]
[Site "England"]
[Date "2017.02.12"]
[Round "6.65"]
[White "Robertson, J Stuart"]
[Black "Emerson, Roger"]
[Result "1/2-1/2"]
[WhiteElo "2107"]
[BlackElo "2195"]
[PlyCount "27"]
[EventDate "2016.11.19"]
[EventType "team-tourn"]
[EventRounds "11"]
[EventCountry "ENG"]
[SourceTitle "EXT 2019"]
[Source "ChessBase"]
[SourceDate "2018.10.10"]
[SourceVersion "1"]
[SourceVersionDate "2018.10.10"]
[SourceQuality "1"]
[WhiteTeam "Cambridge University"]
[BlackTeam "Guildford III"]
[WhiteTeamCountry "ENG"]
[BlackTeamCountry "ENG"]

1. d4 Nf6 2. c4 g6 3. Nc3 Bg7 4. e4 d6 5. Be2 0-0 6. Bg5 Nbd7 7. Qd2 a6 8. Bh6 c5 9. d5 b5 10. Bxg7 Kxg7 11. cxb5 Qa5 12. bxa6 Bxa6 13. Bxa6 Qxa6 14. Nf3 1/2-1/2

[Event "BCF-chT1a 1516 (4NCL)"]
[Site "England"]
[Date "2015.11.15"]
[Round "2.128"]
[White "Lauterbach, Ingrid"]
[Black "Emerson, Roger"]
[Result "0-1"]
[WhiteElo "2077"]
[BlackElo "2194"]
[PlyCount "64"]
[EventDate "2015.11.14"]
[EventType "team-tourn"]
[EventRounds "7"]
[EventCountry "ENG"]
[SourceTitle "CBM 169 Extra"]
[Source "ChessBase"]
[SourceDate "2015.12.18"]
[SourceVersion "1"]
[SourceVersionDate "2015.12.18"]
[SourceQuality "1"]
[WhiteTeam "Barbican"]
[BlackTeam "Guildford II"]
[WhiteTeamCountry "ENG"]
[BlackTeamCountry "ENG"]

1. e4 c6 2. d3 d5 3. Nd2 e5 4. Ngf3 Bd6 5. g3 f5 6. Bg2 fxe4 7. dxe4 Nf6 8. Qe2 0-0 9. 0-0 Re8 10. Re1 Na6 11. exd5 cxd5 12. Nb3 Bg4 13. Qd2 Qd7 14. Ng5 Bf8 15. h3 Bf5 16. g4 Bg6 17. Nf3 Ne4 18. Qe2 h6 19. Nh4 Bh7 20. c4 Nac5 21. cxd5 Nxb3 22. axb3 Nc5 23. Be3 Nd3 24. Red1 e4 25. Rxa7 Rxa7 26. Bxa7 Qxd5 27. f3 Bc5+ 28. Bxc5 Qxc5+ 29. Kh2 e3 30. Bf1 Qe5+ 31. Kg1 Qg3+ 32. Ng2 Ne5 0-1

[Event "BCF-chT1a 1516 (4NCL)"]
[Site "England"]
[Date "2015.11.14"]
[Round "1.148"]
[White "Emerson, Roger"]
[Black "Jones, Rupert William"]
[Result "1-0"]
[WhiteElo "2194"]
[BlackElo "1872"]
[PlyCount "81"]
[EventDate "2015.11.14"]
[EventType "team-tourn"]
[EventRounds "7"]
[EventCountry "ENG"]
[SourceTitle "CBM 169 Extra"]
[Source "ChessBase"]
[SourceDate "2015.12.18"]
[SourceVersion "1"]
[SourceVersionDate "2015.12.18"]
[SourceQuality "1"]
[WhiteTeam "Guildford II"]
[BlackTeam "White Rose II"]
[WhiteTeamCountry "ENG"]
[BlackTeamCountry "ENG"]

1. d4 Nf6 2. c4 e6 3. Nc3 Bb4 4. e3 b6 5. Nge2 Bb7 6. a3 Be7 7. Ng3 0-0 8. e4 d6 9. Be2 Nbd7 10. 0-0 Re8 11. Be3 g6 12. b4 e5 13. d5 a6 14. Qd2 Kh8 15. Rfc1 Rc8 16. Rab1 c6 17. dxc6 Rxc6 18. Nd5 Nxd5 19. cxd5 Rxc1+ 20. Rxc1 Qb8 21. h3 b5 22. a4 bxa4 23. Ra1 Bc8 24. Rxa4 Nb6 25. Ra3 f5 26. exf5 gxf5 27. Bxa6 Bxa6 28. Rxa6 Nc4 29. Qc3 Qb5 30. Rc6 Nxe3 31. fxe3 Qxd5 32. Nxf5 Rg8 33. Qc2 Bg5 34. e4 Qb5 35. Rc8 Qb6+ 36. Kh1 Qxb4 37. Rxg8+ Kxg8 38. Qc8+ Kf7 39. Qd7+ Kg6 40. Qg7+ Kh5 41. g4# 1-0

[Event "BCF-ch Seniors 65"]
[Site "Coventry"]
[Date "2015.07.31"]
[Round "5"]
[White "Emerson, Roger"]
[Black "Norman, Kenneth I"]
[Result "1/2-1/2"]
[WhiteElo "2184"]
[BlackElo "2113"]
[PlyCount "54"]
[EventDate "2015.07.27"]
[EventType "swiss"]
[EventRounds "6"]
[EventCountry "ENG"]
[SourceTitle "CBM 167 Extra"]
[Source "ChessBase"]
[SourceDate "2015.09.14"]
[SourceVersion "1"]
[SourceVersionDate "2015.09.14"]
[SourceQuality "1"]

1. d4 Nf6 2. c4 g6 3. Nc3 d5 4. cxd5 Nxd5 5. e4 Nxc3 6. bxc3 Bg7 7. Be3 c5 8. Qd2 cxd4 9. cxd4 Nc6 10. Nf3 Bg4 11. Rd1 0-0 12. Be2 Bxf3 13. gxf3 e5 14. d5 Nd4 15. 0-0 Rc8 16. Bxd4 exd4 17. f4 Qh4 18. e5 Bh6 19. Qxd4 Bxf4 20. h3 Qg5+ 21. Kh1 Bxe5 22. Qg4 Qf6 23. Bc4 Rxc4 24. Qxc4 Qf3+ 25. Kg1 Qxh3 26. f4 Qg3+ 27. Kh1 Qh3+ 1/2-1/2

[Event "BCF-ch Seniors"]
[Site "Aberystwyth"]
[Date "2014.07.28"]
[Round "3"]
[White "Emerson, Roger"]
[Black "Myall, Ivan J"]
[Result "1/2-1/2"]
[WhiteElo "2197"]
[BlackElo "2054"]
[PlyCount "92"]
[EventDate "2014.07.26"]
[EventType "swiss"]
[EventRounds "7"]
[EventCountry "WLS"]
[SourceTitle "EXT 2017"]
[Source "ChessBase"]
[SourceDate "2016.10.25"]
[SourceVersion "1"]
[SourceVersionDate "2016.10.25"]
[SourceQuality "1"]

1. c4 Nf6 2. Nc3 e6 3. e4 d5 4. e5 d4 5. exf6 dxc3 6. bxc3 Qxf6 7. d4 c5 8. Nf3 h6 9. Be2 Bd6 10. 0-0 0-0 11. Be3 Nd7 12. Nd2 Qe7 13. Bf3 f5 14. Nb3 Rb8 15. Qd3 b6 16. Rad1 Bc7 17. Rfe1 Kh8 18. Bc1 e5 19. Bd5 e4 20. Qh3 Nf6 21. Bg5 Qe8 22. dxc5 Qg6 23. Bxf6 Qxf6 24. c6 b5 25. cxb5 Rxb5 26. c4 f4 27. Qh5 Rxb3 28. axb3 e3 29. fxe3 Bb6 30. Kh1 Bxe3 31. Be4 g5 32. Qg6 Qxg6 33. Bxg6 Bg4 34. Be4 Bxd1 35. Rxd1 Bb6 36. b4 Rd8 37. Rb1 g4 38. c5 Bc7 39. Bf5 g3 40. Bd7 Rb8 41. b5 Kg7 42. Kg1 Kf6 43. hxg3 fxg3 44. Bg4 Ke5 45. Be2 Kd4 46. Ra1 Kxc5 1/2-1/2

[Event "BCF-ch Seniors"]
[Site "Aberystwyth"]
[Date "2014.07.27"]
[Round "2"]
[White "Willetts, Graham J"]
[Black "Emerson, Roger"]
[Result "0-1"]
[WhiteElo "2034"]
[BlackElo "2197"]
[PlyCount "40"]
[EventDate "2014.07.26"]
[EventType "swiss"]
[EventRounds "7"]
[EventCountry "WLS"]
[SourceTitle "EXT 2017"]
[Source "ChessBase"]
[SourceDate "2016.10.25"]
[SourceVersion "1"]
[SourceVersionDate "2016.10.25"]
[SourceQuality "1"]

1. d4 Nf6 2. Nc3 d5 3. e4 Nxe4 4. Nxe4 dxe4 5. Bc4 Bf5 6. Ne2 e6 7. 0-0 Bd6 8. d5 e5 9. Ng3 Bg6 10. Bb5+ Nd7 11. Qg4 a6 12. Bxd7+ Qxd7 13. Qe2 f5 14. f3 exf3 15. Rxf3 0-0 16. Rb3 b5 17. Bd2 Bc5+ 18. Kh1 Qxd5 19. a4 f4 20. Nf1 Qd4 0-1

[Event "BCF-ch Senior"]
[Site "Torquay"]
[Date "2013.08.07"]
[Round "5.54"]
[White "Norman, Kenneth I"]
[Black "Emerson, Roger"]
[Result "0-1"]
[WhiteElo "2172"]
[BlackElo "2193"]
[PlyCount "66"]
[EventDate "2013.08.03"]
[EventType "swiss"]
[EventRounds "7"]
[EventCountry "ENG"]
[SourceTitle "EXT 2023"]
[Source "ChessBase"]
[SourceDate "2022.10.05"]
[SourceVersion "1"]
[SourceVersionDate "2022.10.05"]
[SourceQuality "1"]

1. Nf3 d5 2. g3 Nc6 3. Bg2 e5 4. d3 Nf6 5. 0-0 h6 6. c4 dxc4 7. Qa4 Bd7 8. Qxc4 Bd6 9. Nbd2 0-0 10. a3 a5 11. b3 b5 12. Qc2 Rb8 13. Bb2 Qe7 14. Rfc1 Rfc8 15. e4 Nd8 16. d4 Nc6 17. dxe5 Nxe5 18. Nxe5 Bxe5 19. Bxe5 Qxe5 20. b4 axb4 21. axb4 Ra8 22. Rxa8 Rxa8 23. Nf3 Qxe4 24. Qxe4 Nxe4 25. Ne5 Bf5 26. Nc6 Re8 27. Nd4 Nd6 28. Nxf5 Nxf5 29. Bc6 Nd4 30. Bxe8 Ne2+ 31. Kf1 Nxc1 32. Bxb5 Na2 33. Ke2 Nc3+ 0-1

[Event "BCF-ch Senior"]
[Site "Torquay"]
[Date "2013.08.05"]
[Round "3.54"]
[White "Habershon, Paul F"]
[Black "Emerson, Roger"]
[Result "1/2-1/2"]
[WhiteElo "2092"]
[BlackElo "2193"]
[PlyCount "110"]
[EventDate "2013.08.03"]
[EventType "swiss"]
[EventRounds "7"]
[EventCountry "ENG"]
[SourceTitle "EXT 2023"]
[Source "ChessBase"]
[SourceDate "2022.10.05"]
[SourceVersion "1"]
[SourceVersionDate "2022.10.05"]
[SourceQuality "1"]

1. e4 e6 2. d3 d5 3. Nd2 Nf6 4. g3 dxe4 5. dxe4 Bc5 6. Qe2 Nc6 7. Nb3 Nd4 8. Nxd4 Qxd4 9. Bg2 Ng4 10. Nh3 e5 11. c3 Qa4 12. f3 Nf6 13. Be3 Bxe3 14. Qxe3 0-0 15. 0-0 Bxh3 16. Bxh3 Rad8 17. Qe2 Rd6 18. Rfd1 Rfd8 19. Rxd6 Rxd6 20. b3 Qa5 21. Rc1 c6 22. Rd1 Qd8 23. Rxd6 Qxd6 24. Kf2 g6 25. Bf1 Ne8 26. Qd3 Kf8 27. Qxd6+ Nxd6 28. Ke3 Ke7 29. f4 f6 30. a4 a5 31. b4 b6 32. Kd3 c5 33. bxc5 bxc5 34. Ke3 Kd7 35. Kd3 c4+ 36. Ke3 Ke6 37. Bh3+ Ke7 38. Bf1 Ke8 39. Be2 Ke7 40. Bf1 Kd8 41. Bh3 Nb7 42. Bf1 Nc5 43. Bxc4 Nxa4 44. Kd2 Nc5 45. Bd5 Kc7 46. h4 Kd6 47. Ke3 g5 48. fxg5 fxg5 49. hxg5 Ne6 50. Kd3 Nxg5 51. Kc4 a4 52. Kb4 a3 53. Kxa3 Kc5 54. Kb3 h6 55. Kc2 Nh7 1/2-1/2

[Event "BCF-chT3 1213 (4NCL)"]
[Site "England"]
[Date "2013.05.04"]
[Round "9.127"]
[White "Savage, Nicholas W"]
[Black "Emerson, Roger"]
[Result "1/2-1/2"]
[WhiteElo "2051"]
[BlackElo "2197"]
[PlyCount "50"]
[EventDate "2012.11.03"]
[EventType "team-swiss"]
[EventRounds "11"]
[EventCountry "ENG"]
[SourceTitle "EXT 2014"]
[Source "ChessBase"]
[SourceDate "2013.11.20"]
[SourceVersion "1"]
[SourceVersionDate "2013.11.20"]
[SourceQuality "1"]
[WhiteTeam "Iceni"]
[BlackTeam "Guildford III"]
[WhiteTeamCountry "ENG"]
[BlackTeamCountry "ENG"]

1. d4 Nf6 2. c4 e6 3. Nf3 d5 4. g3 c5 5. Bg2 Nc6 6. cxd5 exd5 7. 0-0 Be7 8. dxc5 Bxc5 9. Qc2 Bd6 10. Nc3 Be6 11. Rd1 0-0 12. Be3 Rc8 13. Rac1 Qe7 14. Qa4 b6 15. Nb5 Bb8 16. Nbd4 Na5 17. Rxc8 Rxc8 18. Rc1 Rc4 19. Rxc4 Nxc4 20. Bc1 Bd7 21. Qc2 h6 22. b3 Ne5 23. Nxe5 Bxe5 24. Nc6 Bxc6 25. Qxc6 Qc5 1/2-1/2

[Event "BCF-ch Senior"]
[Site "North Shields"]
[Date "2012.07.31"]
[Round "4.2"]
[White "Dickson, George A"]
[Black "Emerson, Roger"]
[Result "0-1"]
[WhiteElo "2072"]
[BlackElo "2170"]
[PlyCount "48"]
[EventDate "2012.07.28"]
[EventType "swiss"]
[EventRounds "7"]
[EventCountry "ENG"]
[SourceTitle "EXT 2023"]
[Source "ChessBase"]
[SourceDate "2022.10.05"]
[SourceVersion "1"]
[SourceVersionDate "2022.10.05"]
[SourceQuality "1"]

1. e4 c5 2. Nf3 e6 3. d3 Nc6 4. c3 d5 5. Qe2 Nf6 6. Nbd2 Be7 7. g3 b6 8. exd5 Nxd5 9. Bg2 Bb7 10. 0-0 0-0 11. Ne4 Qd7 12. Rd1 Rad8 13. d4 cxd4 14. Nxd4 Qc8 15. Nxc6 Bxc6 16. Be3 Nxe3 17. Qxe3 Qb7 18. Bf3 h6 19. Kg2 Kh8 20. c4 f5 21. Rxd8 Rxd8 22. Nd2 Rxd2 23. Qxd2 Bxf3+ 24. Kf1 Bg4 0-1

[Event "BCF-chT2 1011 (4NCL)"]
[Site "England"]
[Date "2011.03.26"]
[Round "7.54"]
[White "Walton, Alan J"]
[Black "Emerson, Roger"]
[Result "1-0"]
[WhiteElo "2175"]
[BlackElo "2130"]
[PlyCount "111"]
[EventDate "2010.11.06"]
[EventType "team-swiss"]
[EventRounds "11"]
[EventCountry "ENG"]
[SourceTitle "EXT 2012"]
[Source "ChessBase"]
[SourceDate "2011.11.24"]
[SourceVersion "1"]
[SourceVersionDate "2011.11.24"]
[SourceQuality "1"]
[WhiteTeam "3CS Oldham"]
[BlackTeam "Guildford A&DC II"]
[WhiteTeamCountry "ENG"]
[BlackTeamCountry "ENG"]

1. d4 e6 2. e4 d5 3. e5 c5 4. c3 Nc6 5. Nf3 Nge7 6. Bd3 cxd4 7. cxd4 Nf5 8. Bxf5 exf5 9. 0-0 Be6 10. a3 Be7 11. b4 g5 12. Nc3 h6 13. Qd3 Qd7 14. Nd2 Rc8 15. Nb3 b6 16. Bd2 0-0 17. Rac1 Nb8 18. f4 g4 19. Nd1 Rc4 20. Ne3 Rfc8 21. Nxg4 fxg4 22. f5 Bxf5 23. Rxf5 Rxc1+ 24. Nxc1 Rc6 25. Rh5 Bf8 26. Ne2 Qc8 27. Nf4 Rc1+ 28. Kf2 Qc2 29. Rh4 Qxd3 30. Nxd3 Rc2 31. Rxg4+ Kh7 32. Ke1 Ra2 33. Nf4 Rxa3 34. Nxd5 Nd7 35. Rf4 Kg8 36. Rf3 Ra1+ 37. Ke2 a5 38. bxa5 bxa5 39. Rg3+ Kh7 40. Rb3 Bg7 41. Rb7 Nxe5 42. dxe5 Bxe5 43. Rxf7+ Kg6 44. Ra7 a4 45. Ra6+ Kf7 46. Bb4 Bb2 47. Ra7+ Kg6 48. Nf4+ Kf5 49. Nd3 a3 50. Ne1 a2 51. Nc2 Rg1 52. Ne3+ Ke4 53. Rxa2 Bd4 54. Ra3 Rb1 55. Bd2 Rb2 56. Ra4 1-0